1548 1776 1735 1032 1232 1609 1893 1355 1782 1984 1281 1563 1728 1030 1393 1935 1692 1453 1754 1779 1540 1128 1532 1428 1241 1018 1187 1334 1804 1194 1277 1138 1839 1397 1077 1579 1564 1050 1191 1410 1890 1956 1010 1994 1654 1011 1316 1901 1742 1748 1474 1437 1034 1134 1966 1659 1973 1934 1905 1798 1114 1489 1960 1585 1688 1522 1660 1199 1446 1921 1878 1266 1193 1834 1126 1656 1441 1671 1535 1102 1589 1384 1582 1944 1917 1439 1443 1644 1906 1735 1109 1272 1535 1950 1198 1292 1676 1036 1258 BCNSPRNW ULIB Ver.6.0+V

เปลี่ยนเป็นภาษาไทย

Change to English
 แสดงรายละเอียดบรรณานุกรม
  กลับหน้าหลัก

Brief Record : Get Marc (ISO 2709) : E-mail record : QR code < ปิดหน้าต่าง
LEADER : 00000nam 2200000uu 4500
001    13399128630
003     ULIB
008    230924s2565||||th 000 0 tha d
020    ู^a9786164076259
050  0 ^aH302.23^bอ297ค
100    ^aอลงกาณ์ ปริวุฒิพงศ์.
245    ^aความรอบรู้เรื่องสื่อและสารสนเทศ: จากแนวคิดสู่แนวทางปฎิบัติ
250    ^aพิมพ์ครั้งที่ 1
260    ^aกรุงเทพฯ :^bโครงการตำราและเอกสารวิชาการ คณะนิเทศศาสตร์ จุฬาลงกรณ์มหาวิทยาลัย,^c2565
300    ^a188 หน้า;^c26 ซม.
650    ^aสื่อมวลชน
650    ^aสารสนเทศ
945    ^p250^l0^i29898
945    ^p250^l0^i29899
999    ^aกัณชพร จุลอักษร
รายการนี้ยังไม่มีแท็ก
คุณยังไม่ได้ล็อกอิน คุณสามารถมีกิจกรรมร่วมกับเว็บไซต์ได้ แต่ต้องล็อกอินก่อน ::
  ล็อกอิน

รายการสื่อสารสนเทศ

ลำดับที่ ประเภท เลขเรียก/บาร์โค้ด สถานที่ สถานะ
1. หนังสือสำรอง
หนังสือสำรอง
H302.23 อ297ค ฉ.1 
  Barcode: 29898
ห้องสมุดวิทยาเขตนครสวรรค์
►หนังสือทั่วไป:l:General Books
บนชั้น
2. วิทยาศาสตร์การแพทย์ และสุขภาพ
วิทยาศาสตร์การแพทย์ และสุขภาพ
H302.23 อ297ค ฉ.2 
  Barcode: 29899
ห้องสมุดวิทยาเขตนครสวรรค์
►หนังสือทั่วไป:l:General Books
บนชั้น

รายการใกล้เคียง
    ชื่อเรื่อง [ความรอบรู้เรื่องสื่อและสารสนเทศ: จากแนวคิดสู่แนวทางปฎิบัติ]

    ผู้แต่ง [อลงกาณ์ ปริวุฒิพงศ์.]

    หัวเรื่อง [สื่อมวลชน]
    หัวเรื่อง [สารสนเทศ]

BibComment


ยังไม่เคยถูกคอมเมนท์

คอมเมนท์ทรัพยากรรายการนี้
  คอมเมนท์: ความรอบรู้เรื่อง..


 Copyright 2026. Bcnsprnw @Library